| 000 | 00489nam a2200181Ia 4500 | ||
|---|---|---|---|
| 005 | 20250423100446.0 | ||
| 008 | 250422s9999 xx 000 0 und d | ||
| 020 | _a9780321738639 | ||
| 050 | _aQA 42 .W38/ | ||
| 100 | _aWatkins, Mark E. | ||
| 245 | 0 | _aPassage to abstract mathematics | |
| 260 | _aBoston | ||
| 260 | _b Addison-Wesley | ||
| 260 | _c2012 | ||
| 300 | _a232 p | ||
| 650 | _aMathematics--Authorship. Technical writing. Logic, Symbolic and mathematical. | ||
| 942 | _cBK | ||
| 999 |
_c33368 _d33368 |
||